000
00214nam a22000977a 4500
003
SGT
245
_a
OBESTETRICS AND GYNECOLOGY CLINICS NORTH AMERICA
260
_b
ELSEVIER PUB
_c
2021
310
_a
4
942
_2
ddc
_c
LJ
999
_c
22059
_d
22059